[Event "FIDE World Cup"]
[Site "Tromsoe"]
[Date "2013.08.15"]
[Round "2.2"]
[White "Wei, Yi"]
[Black "Shirov, Alexei"]
[Result "1-0"]
[WhiteElo "2551"]
[BlackElo "2696"]
[Annotator "CB"]
[PlyCount "115"]
[EventDate "2013.08.11"]
[EventType "k.o."]
[EventRounds "7"]
[EventCountry "NOR"]
[SourceTitle "CBM 156"]
[Source "ChessBase"]
[SourceDate "2013.09.17"]
[SourceVersion "1"]
[SourceVersionDate "2013.09.17"]
[SourceQuality "1"]

1. e4 c5 2. Nf3 d6 3. d4 cxd4 4. Nxd4 Nf6 5. Nc3 a6 6. Be3 e6 7. Be2 Qc7 8. Qd2
b5 9. f3 Nbd7 10. a3 h5 ({Üblicher ist} 10... Bb7 11. O-O-O d5 12. exd5 Bxd5
13. Bf4 Qb7 14. Nf5 Qb6 15. Rhe1 O-O-O 16. Bg5 Nc5 17. Bxf6 gxf6 18. Qd4 Bc6
19. Qxf6 Nd7 20. Ne7+ Bxe7 21. Qxe7 Rhf8 22. Rd6 Qc7 23. Red1 Rde8 24. Qh4 Nb6
25. Qb4 Kb7 26. a4 bxa4 27. Ne4 Bxe4 28. Rd7 {1-0 (28) Shirov,A (2736)-Gelfand,
B (2709) Monte Carlo 2004}) 11. O-O-O Rb8 12. Bxb5 $5 {Bringt drei Bauern für
die Figur.} axb5 13. Ndxb5 Qb7 14. Qxd6 Bxd6 ({Die Variante hatte Shirov schon
mal auf dem Brett gehabt:} 14... Be7 15. Bf4 e5 16. Bxe5 Qxb5 17. Nxb5 Rxb5 18.
Qc6 Rc5 19. Qa8 Nxe5 20. b4 Rc4 21. Qa5 Nc6 22. Qb5 Be6 23. Rd5 Rc3 24. Kd2
Nxd5 25. exd5 Bf6 26. dxe6 fxe6 27. Rd1 h4 28. Kc1 O-O 29. Qa6 Nd4 30. Rxd4
Bxd4 31. Qxe6+ Rf7 32. a4 Re3 33. Qc4 Bc3 34. Kb1 Bf6 35. a5 Rc3 36. Qd5 Ra3
37. Kc1 g6 38. c4 Kg7 39. c5 Re7 40. Kd2 Bc3+ 41. Kd3 Bxb4+ 42. Kc4 Bc3 43. c6
Bf6 44. Kb4 Ra1 45. Qd6 Rb1+ 46. Kc4 g5 47. g3 Re3 48. Qd7+ Kg6 49. Qd2 Rc3+
50. Kd5 Rb5+ 51. Kd6 Rbc5 52. Qa2 Rxc6+ 53. Kd7 Rc7+ 54. Kd6 R3c6+ 55. Kd5 Rc2
56. Qb1 Kf5 57. g4+ Kg6 58. Kd6 Kg7 59. Qb5 Be7+ 60. Ke6 R2c6+ {0-1 (60)
Bologan,V (2700)-Shirov,A (2705) Edmonton 2005}) 15. Nxd6+ Ke7 16. Nxb7 Bxb7
$11 17. Rd4 Rhd8 18. Rhd1 Ne5 19. a4 Rxd4 20. Bxd4 Nfd7 21. b3 g5 22. Nb5 g4 (
22... Bc6 23. Na7 ({Nach} 23. c4 {ist} g4 24. Bb2 gxf3 25. Ba3+ Kf6 26. gxf3
Nxf3 {möglich, denn der Sd7 ist gedeckt.} 27. Na7 Nde5) 23... Bb7 24. Nb5 $11)
23. Bb2 gxf3 24. Ba3+ Kf6 25. gxf3 Kg5 {Shirov hatte hier nur noch weniger als
eine Minute auf der Uhr und lebte ab jetzt von seiner Zugabezeit. Die Stellung
ist zudem nichteinfach zu spielen.} 26. Nd4 Ba6 27. Kb1 Rb7 28. Rg1+ Kf6 (28...
Kf4 29. Bc1#) 29. Bb2 Ke7 30. Rg5 h4 31. f4 Ng6 32. Nxe6 fxe6 (32... Kxe6 33.
f5+ Ke7 34. fxg6 fxg6 35. Rxg6 $16) 33. Rxg6 Nc5 (33... Rb6 34. Rh6 Bb7 35.
Ba3+ Kf7 36. Rh7+ $18) 34. f5 $18 Kf7 35. Rf6+ Ke7 36. Rh6 Kf7 37. Rxh4 exf5
38. exf5 Rd7 39. Bd4 Rd5 40. Rf4 Bc8 41. Bxc5 Rxc5 42. Kb2 Kf6 43. b4 Rc7 44.
Kb3 Bxf5 45. c3 Rh7 46. b5 Ke5 47. Rd4 Rxh2 48. a5 Bh3 49. a6 Bf1 50. a7 Rh8
51. Kb4 Bg2 52. Rd2 Bf3 53. Ka5 Rc8 54. Rd3 ({Natürlich nicht} 54. b6 Rxc3 55.
Rb2 Ra3+ 56. Kb4 Ra1 $11) 54... Bg2 (54... Bb7 55. Kb4 Ba8 56. c4 $18) 55. Ka6
Rf8 56. Rd2 Ba8 57. c4 Rc8 58. c5 (58. c5 Rxc5 59. Rd8 $18) 1-0

[Event "Syre Memorial op 31st"]
[Site "Issy les Moulineaux"]
[Date "2008.05.03"]
[Round "5"]
[White "Calistri, Tristan"]
[Black "Guliyev, Namig"]
[Result "1-0"]
[WhiteElo "2352"]
[BlackElo "2542"]
[Annotator "Calistri,T/Primel,D"]
[PlyCount "65"]
[EventDate "2008.05.01"]
[EventType "swiss"]
[EventRounds "6"]
[EventCountry "FRA"]
[SourceTitle "EXT 2010"]
[Source "ChessBase"]
[SourceDate "2010.11.25"]
[SourceVersion "1"]
[SourceVersionDate "2010.11.25"]
[SourceQuality "1"]

1. e4 c5 {PRIMEL: le GMI avait normallement déjà remporté le tournoi joué en 6
rondes car il était en tête alors que l'autre GMI Alberto DAVID avait déjà
concédé une nulle. En ayant déjà gagné les deux rencontres précédentes entre
les deux joueurs avec les noirs sur une sicilienne, il pouvait être confiant
de recroire en ses chances de remporter le tournoi.} 2. Nf3 e6 3. d4 cxd4 4.
Nxd4 Nf6 5. Nc3 d6 6. Be2 {PRIMEL: T.CALISTRI renonce а jouer son attaque
anglaise habituelle mais il faut rappeler qu'il s'agissait de la 2ème ronde de
la journée et normalement les deux adversaires n'avaient pas eu le temps de se
préparer.} (6. g4 {PRIMEL: Dommage de rater l'occasion de jouer une attaque
KERES que l'on ne boit plus beaucoup aujourd'hui.} h6 {Solodovnichenko,Y (2494)
-Guliyev,N (2572) Hamburg Junge op 2005 (6) 1/2}) (6. Be3 a6 7. f3 {[%cal
Gg2g4]} (7. Qd2 {Calistri,T (2389)-Guliyev,N (2555) Paris-ch 2005 (2) 0-1})
7... b5 8. g4 h6 {Calistri,T (2389)-Guliyev,N (2555) Paris-ch 2005 (2) 0-1})
6... a6 7. a4 Be7 8. O-O O-O 9. f4 Qc7 10. Kh1 b6 (10... Nc6 {PRIMEL: La
grande ligne} 11. Be3 Re8 12. Bf3 Rb8 13. g4 Nxd4 14. Bxd4 e5 15. fxe5 dxe5 16.
Ba7 Ra8 17. g5 Rd8 18. Qe2 Ne8 19. Be3 Be6 $11 {Topalov,V (2750)-Kasparov,G 
(2785) Yerevan ol (Men) 1996 (9) 0-1}) (10... Rd8) 11. Bf3 (11. e5 {Nijboer,F 
(2641)-Volokitin,A (2645) EU-Cup 22nd Fuegen 2006 (7) 0-1 Primel: e5 est
l'autre ligne intéressante analysée par FTACNIK dans la partie de VOLOKITIN
pour la megadatabase.}) 11... Bb7 12. e5 $5 dxe5 (12... Nfd7 $2 13. Bxb7 Qxb7
14. exd6 Bxd6 15. Nxe6 $18) (12... Ne8 {Dolmatov,S (2495)-Mikhalchishin,A 
(2480) URS-ch FL47 Frunze 1979 (5) 1/2}) 13. fxe5 Nfd7 14. Bxb7 Qxb7 15. Bf4
Rd8 (15... Nc6 $142 {PRIMEL: Rd8 est assez douteux et Nc6 est plus courant} 16.
Qf3 Rac8 {Geller,E (2500)-Hjartarson,J (2545) Moscow-A 1987 1/2} (16... Rfc8 $5
)) (15... Bc5 $5 {PRIMEL: Rd8 a le défaut majeur d'afaiblir la défense de la
case "f7" et Bc5 est une alternative interessante.} 16. Nf3 {Nielsen,P (2530)
-Oll,L (2620) Yerevan ol (Men) 1996 (14) 1/2} (16. Rf3 Bxd4 17. Qxd4 Nc6 18.
Qe3 Qc7 $1 {[%cal Gd7e5,Gc6e5] En faisant pression sur "e5" les noirs
obtiennent assez de contre-jeu.} (18... Nc5 19. Raf1 {Sznapik,A (2455)-Adamski,
J (2435) POL-ch 46th Slupsk 1989 (11) 1/2} (19. Rh3 $5 {[%csl Rh7]}) (19. Rg3
$5 {[%cal Gf4h6]} Ne7 {[%cal Ge7f5]} 20. Rxg7+ $3 Kxg7 21. Bh6+ Kh8 (21... Kg8
$2 22. Qg5+ Ng6 23. Qf6) 22. Qg5 Nf5 (22... Rg8 $2 23. Qf6+ Rg7) 23. Qf6+ Kg8
24. Qg5+ {Forcant la nulle mais il n'y a pas mieux})) 19. Re1 (19. Ne4 $6 Ndxe5
(19... Ncxe5) 20. Qc3 {[%cal Gc3c7]} f6) 19... Rfd8 $11 20. Ne4 $1 (20. Rg3 $6
Ne7 {[%cal Ge7f5]}) 20... Ncxe5 21. Ng5 {[%cal Gf4e5]} Qc5 22. Qe4 {[%cal
Ge4h7]} f5 {[%csl Re6]} 23. Qe2 {[%cal Gf4e5]} Qc4 $1)) 16. Qg4 (16. Qh5 {
[%cal Gh5f7,Gf1f7]}) 16... Bf8 (16... Nf8 $143 $2 {[%csl Rg7][%cal Gf8h7]
PRIMEL: Avec une meilleure défense du P"h7" mais au détriment d'une moindre
protection de la faiblesse "g7"} 17. Bh6 $1 Ng6 (17... g6 18. Qf4 $18 {[%csl
Rf7]}) 18. Rxf7 $3 {Nielsen,P (2475)-Sax,G (2520) Valby 1994 (4) 1-0}) 17. Rae1
Nc6 {[%cal Gc6d4,Gc6e5]} 18. Nf3 Nc5 19. Re3 $146 {[%csl Rg8][%cal Ge3h3,Gf3g5]
PRIMEL: Nouveauté au... 19ème coup!} ({RR} 19. Bg5 Rd7 20. b4 Nxb4 21. Qxb4 Nd3
22. Qg4 Nxe1 23. Rxe1 Be7 24. Bf6 Bxf6 25. exf6 g6 26. Qf4 Qc8 27. Ne4 Qf8 28.
c3 Rd5 29. Ne5 Rad8 30. Nf2 h6 31. Nc6 g5 32. Qe3 Qc5 33. Ne7+ Kf8 {Payen,A 
(2215)-Orgovan,S (2330)/Budapest 1991/EXT 1997/1-0 (37)}) 19... b5 $2 (19...
Nd4 20. Ng5 h6 21. Rh3 Nf5 22. b4 $1 Nd7 (22... hxg5 23. Bxg5 $1 Nd7 $2 (23...
Rd4 24. Qh5) 24. Rxf5 $1 exf5 25. Qh5 f6 26. e6 $18) 23. Nge4 $13) 20. Ng5 $1
$36 {[%csl Rg7,Rh7]} g6 $2 (20... h6 $142 21. Nge4 $16 {[%cal Gf4h6,Ge4f6,
Gg4g8]}) (20... b4 21. Nxh7 $1 Kxh7 22. Qh5+ Kg8 23. Rh3 f5 24. exf6 $18) (
20... Nd4 21. Nxh7 $1 $18) 21. Nxh7 $1 Bg7 (21... Kxh7 22. Qh4+ Kg8 23. Rh3 Bg7
({Primel} 23... f5 24. Qh8+ Kf7 25. Ne4 $3 {[%cal Ge4g5] Dévie le N de la
protection de la Qb7} Nxe4 26. Rh7+ {[%cal Gh7b7]}) 24. Bg5 $1 Nxe5 25. Qh7+
Kf8 26. Qh8+ Bxh8 27. Rxh8+ Kg7 28. Bf6#) 22. Qh4 Rd4 (22... Nd4 23. Bg5 $1 Nf5
24. Rxf5 $1 exf5 25. Nf6+ Kf8 26. Qh7 $1 $18) (22... b4 23. Nf6+ Kf8 24. Bh6 $1
bxc3 (24... Bxh6 25. Qxh6+ Ke7 26. Nfe4 $18) 25. Bxg7+ Kxg7 26. Qh7+ Kf8 27.
Nd7+ Rxd7 28. Qh8+ Ke7 29. Rxf7+ Kxf7 30. Rf3+ Ke7 31. Qf6+ Ke8 32. Qf8#) 23.
Nf6+ Kf8 24. Qh7 $1 Rxf4 (24... Ne7 25. Bh6 $18) 25. Rxf4 Ne7 26. Ref3 {
[%cal Rf6d7,Rf4f7]} Nf5 27. Rxf5 gxf5 28. Qg8+ Ke7 29. Qxg7 bxa4 30. Qg5 Rd8
31. Nfd5+ Kd7 32. Qe7+ Kc8 33. Qxc5+ {[%mdl 512] Après cette victoire surprise,
T.CALISTRI est seul en tête avant la dernière ronde.} 1-0

[Event "YUG-chT"]
[Site "Tivat"]
[Date "1995.??.??"]
[Round "9"]
[White "Nevednichy, Vladislav"]
[Black "Maksimenko, Andrei"]
[Result "1/2-1/2"]
[WhiteElo "2480"]
[BlackElo "2550"]
[Annotator "Chekhov,V"]
[PlyCount "112"]
[EventDate "1995.??.??"]
[EventType "team-swiss"]
[EventRounds "11"]
[EventCountry "YUG"]
[SourceTitle "CBM 048 Extra"]
[Source "ChessBase"]
[SourceDate "1995.11.01"]
[SourceVersion "1"]
[SourceVersionDate "1995.11.01"]
[SourceQuality "1"]

1. e4 c5 2. Nf3 d6 3. d4 cxd4 4. Nxd4 Nf6 5. Nc3 a6 6. Be3 e6 7. Be2 Qc7 8. g4
d5 $5 (8... h6 9. f4 $1 e5 10. Nf5 g6 11. Ng3 exf4 12. Bxf4 Be6 13. Qd2 $6 $10
{Shirov,A-Ftacnik,L/Pardubice/1994/0,5/42/} (13. Qd4 $1 Be7 14. Nd5 Bxd5 15.
exd5 Qa5+ 16. Bd2 Qxd5 17. Qxd5 Nxd5 18. Bf3 $16)) 9. exd5 Bb4 (9... Nxd5 $6
10. Nxd5 exd5 11. Qd2 $16) 10. dxe6 Bxc3+ 11. bxc3 Qxc3+ 12. Kf1 fxe6 13. Kg2 (
13. Nb3 $6 Nd5 14. Qd4 Qc7 $1 15. Bd3 Nc6 16. Qe4 Ne5 $15 {Shirov,A-Ivanchuk,V/
Buenos Aires/1994/0|1/33/}) (13. Rg1 $5 {Zaitsev/}) 13... Nd5 14. Qd3 Qxd3 15.
Bxd3 Nxe3+ 16. fxe3 Ke7 17. Rhf1 $10 Nd7 18. Kg3 h5 19. Nf3 $6 (19. g5 $5 h4+ (
19... Ne5 $5 20. Rf4 $5 Bd7 21. Raf1 $132) 20. Kh3 Rh5 21. Nf3 e5 22. Nxh4 (22.
Bf5 $5 Nc5 23. Bxc8 Rxc8 24. Kg4 $16) 22... Nc5+ 23. Bf5 Rxg5 $17) 19... hxg4
20. Nh4 (20. Kxg4 b6 $1 21. Kg3 (21. Be4 $2 Nf6+ $17) 21... Bb7 22. Nh4 Ne5 $36
) 20... Ne5 21. Ng6+ Nxg6 22. Bxg6 Rh3+ 23. Kg2 (23. Kxg4 e5+ 24. Kg5 Be6 $17)
23... Rf3 24. Rxf3 gxf3+ 25. Kxf3 Bd7 26. Be4 Rf8+ 27. Kg3 (27. Ke2 Bb5+ 28.
Bd3 Bc6 29. Rg1 Rf7 30. Rg6 $10) 27... b5 28. h4 a5 29. Rc1 (29. a3 $5 Rc8 30.
Kf4 Kf6 31. Rg1 e5+ 32. Kf3 Rc3 33. Rg6+ Kf7 34. Rd6 Ke7 35. Rg6 Kf7 (35...
Rxa3 36. Rxg7+ Kd6 37. h5 $132) 36. Rd6 Be8 37. Ra6 $22 Rxa3 38. Bg6+ Ke7 39.
Ra7+ $18) 29... Rc8 $17 30. Kf4 Kf6 31. Bd3 e5+ 32. Kf3 b4 33. Rf1 (33. Rg1
Bc6+ 34. Ke2 e4 $17) 33... Rc3 34. Ke2+ Ke7 35. Rg1 Kf7 36. h5 (36. Rg5 $5)
36... Be6 37. Rf1+ Ke7 38. Rg1 Kf7 39. Rf1+ Kg8 40. Rg1 Rc7 (40... Kh8 41. Rf1
$132) (40... Bxa2 41. h6 Bc4 $5 42. Bxc4+ (42. Rxg7+ Kf8 43. Bxc4 Rxc2+ 44. Kd3
Rc3+ 45. Ke4 Rxc4+ 46. Kxe5 Rh4 $19) 42... Rxc4 43. Rxg7+ Kh8 44. Kd3 Rc3+ 45.
Kd2 a4 46. Rb7 Rc4 47. Kd3 Rh4 48. e4 $10) 41. h6 Kh8 42. Rg6 $1 Bxa2 43. hxg7+
$6 (43. Ra6 $1 gxh6 44. Rxa5 Bb1 45. Rxe5 Bxc2 46. Re6 Bxd3+ (46... Kg7 47.
Rg6+ $10) (46... b3 47. Rxh6+ Kg8 48. Rb6 $10) 47. Kxd3 Kg7 48. Rb6 Rc3+ 49.
Kd4 $10) 43... Kg8 $1 (43... Rxg7 $2 44. Ra6 $10) 44. Ra6 Rc5 45. Ra7 Bd5 46.
Bf5 e4 47. Kd2 Bf7 48. Bxe4 Kxg7 49. Bd3 Kf6 50. e4 Be6 51. Ke3 $10 Ke5 52. Ra8
Bd7 53. Ra7 Bc6 54. Re7+ Kd6 55. Rg7 a4 56. Kd4 Rh5 (56... Rh5 57. e5+ Rxe5 58.
Rg6+ Re6 59. Rxe6+ Kxe6 60. Kc5 b3 61. cxb3 a3 62. Bc4+ Ke5 63. b4 $10) 1/2-1/2

[Event "Nordic-chT"]
[Site "Pohja"]
[Date "1985.??.??"]
[Round "?"]
[White "Kuczynski, Robert"]
[Black "Hellers, Ferdinand"]
[Result "0-1"]
[WhiteElo "2415"]
[BlackElo "2380"]
[Annotator "Chekhov,V"]
[PlyCount "62"]
[EventDate "1985.10.??"]
[EventType "team"]
[EventRounds "7"]
[EventCountry "FIN"]
[SourceTitle "MCL"]
[Source "ChessBase"]
[SourceDate "1999.07.01"]
[SourceVersion "1"]
[SourceVersionDate "1999.07.01"]
[SourceQuality "1"]

1. e4 c5 2. Nf3 d6 3. d4 cxd4 4. Nxd4 Nf6 5. Nc3 a6 6. Be2 e6 7. O-O Be7 8. f4
Qc7 9. a4 O-O 10. Kh1 b6 (10... Nc6 $5) 11. Bf3 (11. Qd3 Bb7 12. Qh3 Nc6 13.
Nxc6 Bxc6 14. Bd3 Rfd8 15. f5 e5 16. Bg5 Qb7 17. b4 b5 18. axb5 axb5 {Polgar,
J-Suba,M/Budapest/1993}) 11... Bb7 12. Qe2 Nc6 13. Be3 Rfe8 14. Rad1 Nd7 15.
Qf2 (15. f5 $5 Bf6 (15... Nxd4 16. Bxd4 Ne5 17. fxe6 fxe6 18. Bh5 Rf8 19. Bg4
$5) 16. fxe6 fxe6 17. Bh5 Re7 18. Nxe6 Rxe6 19. Qc4 Nf8 20. Nd5 Qd8 21. Nxf6+
gxf6 22. Bg4 $13) 15... Bf6 16. Nxc6 (16. Rd2 $5) 16... Bxc6 (16... Bxc3 17. e5
$5 dxe5 18. fxe5 Bxb2 (18... Bxe5 19. Rxd7 Qxd7 20. Nxe5) (18... Nxe5 19. Bxb6)
(18... Bxc6 19. Bxc6 Qxc6 20. Qxf7+) 19. Nd8 $6 (19. c3 $5) 19... Raxd8 (19...
Bxf3 20. Qxf3 Nxe5 21. Qxa8) (19... Rexd8 $1 20. Bxb7 Qxb7 21. Qxf7+ Kh8 22.
Bg5 Rf8 $1 $19) 20. Bxb7 Qxb7 (20... Rf8 21. Bxa6 $14) 21. Qxf7+ Kh8 22. Bg5 h6
(22... Rf8 $2 23. Rxd7 $1 Qxd7 24. Qxf8+ $18) 23. Bxd8 Rxd8 24. Qe7 Qc8 25. Rf7
Bxe5 26. Rxd7 Rxd7 27. Qxd7 Qxc2 28. Rf1) 17. Bd4 e5 18. fxe5 (18. Be3 exf4 19.
Bxf4 Be5) 18... Bxe5 19. Be2 Nf6 20. Bc4 (20. Bxb6 Qb7 {P c3, e4/}) 20... Rab8
$1 21. Bb3 (21. Bxa6 Nxe4) (21. Qe2 d5) 21... b5 22. axb5 axb5 23. Bxe5 (23.
Nd5 $5 Bxd5 24. Bxd5 Nxd5 25. exd5 b4 26. h3 $13) 23... Rxe5 24. Qd4 (24. Nd5
Bxd5 25. Bxd5 Rbe8) 24... b4 25. Na4 $2 (25. Nd5 Bxd5 26. exd5 Ne4 $17) 25...
Ra5 $1 $19 26. Ra1 Rba8 27. Qxb4 Qa7 28. Rf5 (28. Qxd6 Bxa4 29. Bxa4 Rxa4 30.
Rxa4 Qxa4 31. e5 Qc4 $19) 28... Rxf5 29. exf5 Ne4 30. h3 Qf2 31. Bxf7+ (31. Kh2
Qg3+ 32. Kg1 Nf2 $19) (31. Rg1 Ng3+ 32. Kh2 Nf1+ 33. Kh1 Qg3 $19) 31... Kh8 0-1

[Event "Vrsac"]
[Site "Vrsac"]
[Date "1989.??.??"]
[Round "7"]
[White "Ivanovic, Bozidar"]
[Black "Cvitan, Ognjen"]
[Result "1/2-1/2"]
[WhiteElo "2545"]
[BlackElo "2515"]
[Annotator "ChessBase"]
[PlyCount "68"]
[EventDate "1989.09.??"]
[EventType "tourn"]
[EventRounds "11"]
[EventCountry "YUG"]
[EventCategory "10"]
[SourceTitle "CBM 015"]
[Source "ChessBase"]
[SourceDate "1990.04.01"]
[SourceVersion "1"]
[SourceVersionDate "1990.04.01"]
[SourceQuality "1"]

1. e4 c5 2. Nf3 e6 3. d4 cxd4 4. Nxd4 a6 5. Nc3 d6 6. Be2 Nf6 7. f4 Be7 8. O-O
O-O 9. Kh1 Qc7 10. Qe1 b5 11. a3 Bb7 12. Bf3 Nbd7 13. b3 Rac8 14. Bb2 Rfe8 15.
Qg3 Nc5 16. Rae1 e5 17. fxe5 dxe5 18. Nf5 Bf8 19. Nd5 $2 (19. b4 $1 $18 Ncd7 (
19... Ne6 20. Nd5 Nxd5 21. Bxe5) 20. Nh6+) 19... Nxd5 20. exd5 f6 21. b4 Nd7
22. Bh5 Bxd5 23. Bxe8 Rxe8 24. Rd1 Be6 25. Ne3 Qc6 26. Rd2 Be7 27. h4 Qe4 28.
h5 Nb6 29. Rdf2 Nc4 30. Nxc4 Bxc4 31. Rd1 Be6 32. Rdf1 Bc4 33. Rg1 Be6 34. Bc1
Rc8 1/2-1/2

[Event "Rubinstein Memorial-20"]
[Site "Polanica Zdroj"]
[Date "1982.08.??"]
[Round "14"]
[White "Vogt, Lothar"]
[Black "Stempin, Pawel"]
[Result "1-0"]
[WhiteElo "2495"]
[BlackElo "2350"]
[Annotator "ChessBase"]
[PlyCount "53"]
[EventDate "1982.08.??"]
[EventType "tourn"]
[EventRounds "15"]
[EventCountry "POL"]
[EventCategory "8"]
[SourceTitle "MCD"]
[Source "ChessBase"]
[SourceDate "1999.07.01"]
[SourceVersion "1"]
[SourceVersionDate "1999.07.01"]
[SourceQuality "1"]

1. e4 {1) Schach 1982, S. 501-503 Turnierbericht [Vogt,L].} c5 2. Nf3 d6 3. d4
cxd4 4. Nxd4 Nf6 5. Nc3 a6 6. Be2 e6 7. f4 Be7 8. O-O O-O 9. Kh1 Qc7 10. Qe1 b5
11. Bf3 Bb7 12. e5 {[#]} dxe5 (12... Ne8 $142 13. f5 dxe5 14. fxe6 Bxf3 15.
exf7+ Rxf7 16. Nxf3 $11) 13. fxe5 Nfd7 14. Qg3 Kh8 15. Bf4 Bxf3 (15... Nc6 $1)
16. Qxf3 Ra7 17. Rae1 Qb7 (17... b4 $1 18. Ne4 Nc6) 18. Qh5 $16 g6 19. Qh6 Re8
20. Ne4 Bf8 21. Qh4 Kg8 22. Ng5 h6 {[#]} 23. Nxf7 $18 Kxf7 24. Bxh6+ Kg8 25.
Qg5 Bxh6 26. Qxg6+ Bg7 27. Rf7 1-0

[Event "Edinburgh m"]
[Site "Edinburgh"]
[Date "1997.12.18"]
[Round "5"]
[White "Rowson, Jonathan"]
[Black "Hillarp Persson, Tiger"]
[Result "1-0"]
[WhiteElo "2490"]
[BlackElo "2445"]
[Annotator "ChessBase"]
[PlyCount "39"]
[EventDate "1997.12.14"]
[EventType "match"]
[EventRounds "6"]
[EventCountry "SCO"]
[SourceTitle "CBM 063"]
[Source "ChessBase"]
[SourceDate "1998.03.26"]
[SourceVersion "1"]
[SourceVersionDate "1998.03.26"]
[SourceQuality "1"]

1. e4 c5 2. Nf3 d6 3. d4 cxd4 4. Nxd4 Nf6 5. Nc3 a6 6. Be3 e6 7. Be2 Nbd7 8.
O-O b5 9. a4 b4 10. Na2 (10. Nc6 Qc7 11. Nxb4 d5 12. Qd4 (12. Nba2 dxe4 13. Nc1
Bd6 14. h3 O-O 15. a5 Bb7 {Zeit! 0-1 Wallner,A-Hoelzl,F/AUT-chT 1992/EXT 92ch 
(39)}) 12... Bc5 13. Ncxd5 exd5 14. Nxd5 Nxd5 15. Qxg7 Nxe3 16. Qxh8+ Nf8 17.
fxe3 Bd6 18. e5 Bxe5 19. Rxf7 Bxh2+ 20. Kh1 Qxf7 21. Rf1 Qxf1+ 22. Bxf1 Bd6 23.
Qd4 Kd7 24. Be2 Rb8 25. Bg4+ Ne6 26. Qf6 {1-0 Beliavsky,A-Stean,M/Moscow 1975/
MCL 06}) 10... Nxe4 (10... Bb7 11. Nxb4 d5 $13) 11. Nxb4 Bb7 12. Bh5 Ndf6 (
12... g6 13. Bf3 Ne5 (13... d5 14. Ndc6 $36) 14. Ndc6 Nxf3+ 15. gxf3 Bxc6 16.
Nxc6 Qc7 17. Qd4 Rg8 18. Qxe4 d5 19. Qh4 $13) (12... Ndc5 13. Nd3 Qd7 14. Re1 (
14. f3 $6 Nf6 $1) 14... g6 15. Bf3 Bg7 16. Nxc5 Nxc5 17. b4 Ne4 18. Qd3 f5 $13)
13. Nxe6 Qa5 14. Nd3 Qxh5 15. Nc7+ Kd7 16. Nxa8 Bxa8 17. f3 Ng5 (17... Nd5 $142
18. fxe4 Qxd1 19. Raxd1 Nxe3 20. Rxf7+ Be7 21. Rd2 Rc8 22. c3 $14) 18. Nf4 Qh4
19. Qd4 Nd5 (19... Bc6 20. Qa7+ Kc8 21. Ra3 $40) 20. Qa7+ (20. Qa7+ Nc7 21. Bb6
Qxf4 22. Qxc7+ Ke6 23. Rfe1+ Kf6 (23... Kf5 24. Be3 Qh4 25. Qc8+ Ne6 26. Qxa8
$18) 24. Qd8+ Kg6 25. Qxa8 $18) 1-0

[Event "Excelsior Cup"]
[Site "Gothenburg"]
[Date "1998.01.12"]
[Round "6"]
[White "Hansen, Sune Berg"]
[Black "Akesson, Ralf"]
[Result "1-0"]
[WhiteElo "2490"]
[BlackElo "2520"]
[Annotator "ChessBase"]
[PlyCount "63"]
[EventDate "1998.01.07"]
[EventType "tourn"]
[EventRounds "9"]
[EventCountry "SWE"]
[EventCategory "9"]
[SourceTitle "CBM 063"]
[Source "ChessBase"]
[SourceDate "1998.03.26"]
[SourceVersion "1"]
[SourceVersionDate "1998.03.26"]
[SourceQuality "1"]

1. e4 c5 2. Nf3 d6 3. d4 cxd4 4. Nxd4 Nf6 5. Nc3 a6 6. Be2 e6 7. O-O Be7 8. f4
Nc6 9. Kh1 O-O 10. Nxc6 bxc6 11. e5 dxe5 12. fxe5 Nd7 13. Bf4 Rb8 14. Bd3 Rxb2
15. Rf3 Qa5 16. Qe2 Rb4 17. Rh3 g6 18. Ne4 Nxe5 19. Bd2 Nxd3 20. Rxd3 c5 21.
Bxb4 cxb4 22. Qd2 Bb7 23. Re1 Qxa2 24. Rd7 Bxe4 25. Rxe4 Bf6 26. Qxb4 Qxc2 27.
Re1 Bg7 28. Qb7 a5 29. g3 a4 30. Rf1 a3 $4 (30... Qb3 $142) 31. Rdxf7 Qb2 32.
Rxf8+ 1-0